| 000 | 00630nam a2200193Ia 4500 | ||
|---|---|---|---|
| 005 | 20250423101051.0 | ||
| 008 | 250422s9999 xx 000 0 und d | ||
| 020 | _a9780749478278 | ||
| 050 | _aHD 38.5 .G73/ | ||
| 100 | _aGrant, David B....[et al.] | ||
| 245 | 0 | _aSustainable logistics and supply chain management : principles and practices for sustainable operations and management | |
| 250 | _a2nd ed. | ||
| 260 | _aUnited Kingdom | ||
| 260 | _bKogan Page Ltd. | ||
| 260 | _c2017 | ||
| 300 | _a286 p | ||
| 650 | _aBusiness logistics--Environmental aspects. Production management--Environmental aspects. | ||
| 942 | _cBK | ||
| 999 |
_c35186 _d35186 |
||